00699nam a2200229 a 4500001001300000003000900013005001700022008004100039020001000080082002100090100001800111245005300129260004200182300001000224500003500234650001600269700001800285902000800303942000700311952013400318999001700452nice12345678IN_TiNIC20260116014316.0131121s2012 muma grp 000 0 eng  ac20000a306.0899145bPUN aPuniyani, Ram aQuest for Social Justiceb An Illustrated Primer aMumbai bVikas Adhyayan Kendra c2012 a111p  aincludes index and biblioraphy aCaste-India1 aPuniyani, Ram bSRS cBK 001040708StackRoom-aHMIbHMId2013-11-21g200.00l1o306.0899145 PUNp024256r2017-06-27s2017-06-15v200.00w2013-11-21yBK c14747d14747